000 01299nam a2200181Ia 4500
008 151202s9999||||xx |||||||||||||| ||und||
082 _bPNVM-122822
100 _aदाते धुंडिराज लक्ष्मण/संपा-साळगांवर जयंत
245 _aधर्मशास्त्रीय-निर्णय वैदिक धर्माचरणविषयक विविधबाबींचाखुलासा आवृत्ति 2.
260 _b"सुमंगल पब्लिशिंग ,मुंबई."
260 _c1993
300 _a152
600 _aदाते धुंडिराज लक्ष्मण/संपा-साळगांवर जयंत
630 _aधर्मशास्त्रीय-निर्णय वैदिक धर्माचरणविषयक विविधबाबींचाखुलासा आवृत्ति 2.
700 _aदाते धुंडिराज लक्ष्मण/संपा-साळगांवर जयंत
730 _aधर्मशास्त्रीय-निर्णय वैदिक धर्माचरणविषयक विविधबाबींचाखुलासा आवृत्ति 2.
942 _cBOOK
999 _c1352951
_d1352948